000
00226nam a2200097Ia 4500
008
240331s9999 xx 000 0 und d
082
_b
SAM
100
_a
Samuel, G.J
245
0
_a
Panpattuk kalappum ilakkiya orumaiyum
942
_c
L
999
_c
2105
_d
2105